000 01048nmm a2200277 a 4500
001 ocm000906617
003 TR-IsHL
005 20201028145028.0
008 141121s2013 tu fre
007 cr cn
020 _a9789758915538
035 _a906617
_b(N$T)
050 0 4 _aPQ671
_b.G47 2013
090 0 4 _aPQ671
_b.G47 2013
100 1 _aGiséle
_q(Giséle Durero Köseoğlu)
245 1 0 _aUn roman turc de Claude Farrère: L'Homme qui assassina
_h[electronic resource] /
_cGiséle (Giséle Durero Köseoğlu) ; edition Aksel Köseoğlu
260 _aİstanbul :
_bGiTa Yayınları,
_c2013
300 _a209 p.
650 4 _aDil ve Edebiyat
650 4 _aLanguage and Literature
650 0 _aFransız romanı
_x 20. yüzyıl
_x Eleştiri ve yorum
650 0 _aFrench fiction
_x 20th century
_x Criticism and interpretation
650 7 _aLITERARY COLLECTIONS / European / French
_2bisacsh
700 1 _aKöseoğlu, Aksel
856 4 0 _uhttp://search.ebscohost.com/login.aspx?direct=true&scope=site&db=e011xww&AN=906617
999 _c9742
_d9742